000 00249nam a2200097Ia 4500
008 190216s9999||||xx |||||||||||||| ||und||
100 _aRobert Cardwell
245 0 _aDravida Bhashaa Vyakaranam Part-2
260 _bKerala Bhasha Institute
942 _cBK
999 _c25445
_d25445